| 000 | 00588nam a22002057a 4500 | ||
|---|---|---|---|
| 001 | 35392 | ||
| 003 | BD-RjUL | ||
| 005 | 20211209052319.0 | ||
| 008 | 140524s1980 i ||||| |||| 00| 0 eng d | ||
| 035 | _a(BD-RjUL)35486 | ||
| 040 |
_aBD-RjUL _beng _cBD-RjUL _dBD-RjUL |
||
| 041 | _aeng | ||
| 082 |
_bAGT 1980 _a300.723 |
||
| 100 | 1 |
_aAgnihotri, Vidyahhar _9107791 |
|
| 245 |
_aTechniques of social research / _cVidyahhar Agnihotri, |
||
| 260 |
_aNewDelhi : _bM.N.Publishing, _c1980. |
||
| 300 |
_avi, 96 p. ; _c22 cm. |
||
| 650 |
_aSOCIAL RESEARCH METHODOLOGY _9108785 |
||
| 942 |
_2ddc _cBK |
||
| 999 |
_c35392 _d35392 |
||